Z dejín Moldavy... 39. časť Múltunk emlékei (fejezetak Szepsi történelméböl... 39. rész)

Bibliographic Details
Main Author: Stibrányi, Gustáv, 1909-2001 (Author)
Format: Article
Language:Slovak
Subjects:

MARC

LEADER 00000nab a2200000 a 4500
001 vtls000921195
003 SK-MaSNL
005 20260303034023.0
008 040720e19930527xo 0 slo
035 |a KE30072 
040 |a KEVKJB  |b slo  |c KEVKJB  |e AACR2 
041 0 |a slo 
044 |a xo  |c SK 
080 |a 943.76"1906/1910"  |2 1981 
100 1 |a Stibrányi, Gustáv,  |d 1909-2001  |4 aut  |9 135240 
245 1 0 |a Z dejín Moldavy... 39. časť  |b Múltunk emlékei (fejezetak Szepsi történelméböl... 39. rész) 
518 |a 1906-1910 
650 0 7 |a dejiny  |2 KEVKJB  |9 3825 
650 0 7 |a články populárne  |2 KEVKJB  |9 883959 
651 7 |a Moldava nad Bodvou (Slovensko)  |2 KEVKJB  |9 20255 
651 7 |a KS,  |2 KEVKJB  |9 880381 
655 7 |a periodikum  |2 snkbucl  |9 29553 
773 0 8 |t Údolie Bodvy - Bódvavölgye  |g Roč. 2, č.9-10, 27.5.1993, s. 3 
852 |a ZVYKNI  |b KIS3GCP 
999 |c 1672029  |d 1673959